Statistics for 2010s Movies by Plot

Click here to take the quiz!

General Stats

  • This quiz has been taken 20,076 times
    (13,945 since last reset)
  • The average score is 12 of 20

Answer Stats

YearClueMovie% Correct
2018Galactic villain wants to kill half the universe with a snap of his fingersAvengers: Infinity War
87%
2012Indian teenager is stuck on a small boat with a tigerLife of Pi
82%
2017Amazonian warrior must defeat Ares and stop World War IWonder Woman
79%
2015Five emotions struggle to maintain balance inside the head of a teenage girlInside Out
78%
2016In a world run by animals, a tiny rabbit embarks on an improbable
law enforcement career
Zootopia
72%
2015In post-apocalyptic Australia, steam punk villains fight to control the
only things that matter: water and gasoline
Mad Max: Fury Road
68%
2015College girl meets a sexy Seattle billionaire who has a "nontraditional"
attitude towards relationships
Fifty Shades of Grey
66%
2018Woman finds out that her fiancé comes from the wealthiest family in SingaporeCrazy Rich Asians
65%
2010Supervillain has hundreds of yellow anthropomorphic Twinkies to do his biddingDespicable Me
64%
2014Everything is awesome except for a villain who wants to freeze the
world into place with Krazy Glue
The Lego Movie
58%
2010For a price, a dream expert can implant thoughts in someone's mind
while they are sleeping
Inception
57%
2016Man with 23 personalities is developing a new and terrifying 24thSplit
57%
2019When a mystery writer dies under suspicious circumstances, a gentlemanly
southern detective is called upon to investigate his scheming family
Knives Out
54%
2013Scientist must find a way to return to Earth after space junk destroys
nearly everything in orbit
Gravity
47%
2013Texas rodeo cowboy peddles drugs of dubious efficacy in an effort to help
1980s AIDS patients
Dallas Buyers Club
46%
2012Spies pose as a film crew to rescue American hostages held in IranArgo
43%
2015For five years, a young boy lives his whole life in one small roomRoom
42%
2012Suave Scottish superagent battles terrorists at his family's ancestral estateSkyfall
36%
2014The world is plunged into an ice age, and for some reason the only survivors
live aboard a train that continuously circumnavigates the world
Snowpiercer
32%
2011Each night, a moody writer is magically transported into the
golden era of 1920s Paris
Midnight in Paris
26%

Score Distribution

Percentile by Number Answered

Percent of People with Each Score

Your Score History

You have not taken this quiz since the last reset